000 00429nam a2200181Ia 4500
005 20251020182532.0
008 200515s9999 xx 000 0 und d
082 _a711.12/M93
245 0 _aAncón : Desafiando el mar y al arenal
260 _aLima
260 _c1995
300 _aCentro de Investigación Social
500 _a1 ejemplar
650 _aANCON
650 _aDESARROLLOURBANO
650 _aLIB
942 _cLIB
999 _c2107
_d2107